| Tag |
First Indicator |
Second Indicator |
Subfields |
| LEADER |
00000cam a22000004a 4500 |
| 001 |
in00001829413 |
| 005 |
20151026052937.0 |
| 008 |
031118s2004 inua b 001 0 eng |
| 010 |
|
|
|a 2003025353
|
| 020 |
|
|
|a 0253344115 (cloth)
|
| 020 |
|
|
|a 0253216869 (pbk.)
|
| 035 |
|
|
|a (OCoLC)ocm53793466
|
| 040 |
|
|
|a DLC
|c DLC
|d TXA
|d UtOrBLW
|
| 042 |
|
|
|a pcc
|
| 049 |
|
|
|a TXAM
|
| 050 |
0 |
0 |
|a JZ4972
|b .T69 2004
|
| 082 |
0 |
0 |
|a 337
|2 22
|
| 100 |
1 |
|
|a Toye, J. F. J.
|
| 245 |
1 |
4 |
|a The UN and global political economy :
|b trade, finance, and development /
|c John Toye and Richard Toye.
|
| 264 |
|
1 |
|a Bloomington :
|b Indiana University Press,
|c [2004]
|
| 264 |
|
4 |
|c ©2004
|
| 300 |
|
|
|a xv, 393 pages ;
|c 24 cm.
|
| 336 |
|
|
|a text
|b txt
|2 rdacontent
|
| 337 |
|
|
|a unmediated
|b n
|2 rdamedia
|
| 338 |
|
|
|a volume
|b nc
|2 rdacarrier
|
| 490 |
1 |
|
|a United Nations intellectual history project
|
| 504 |
|
|
|a Includes bibliographical references and index.
|
| 610 |
2 |
0 |
|a United Nations
|x History.
|
| 650 |
|
0 |
|a International economic relations
|x History
|y 20th century.
|
| 700 |
1 |
|
|a Toye, Richard,
|d 1973-
|
| 830 |
|
0 |
|a United Nations intellectual history project (Series)
|
| 856 |
4 |
1 |
|3 Table of contents
|u http://www.loc.gov/catdir/toc/ecip0411/2003025353.html
|t 0
|
| 948 |
|
|
|a cataloged
|b h
|c 2004/9/3
|d c
|e dmitchel
|f 3:00:00 pm
|
| 994 |
|
|
|a E0
|b TXA
|
| 999 |
|
|
|a MARS
|
| 999 |
f |
f |
|s 65f6cf79-5689-332e-bdcc-06e4ff4aef71
|i cbfc282d-b52a-3159-b743-37865b912e3d
|t 0
|
| 952 |
f |
f |
|p ric
|a Texas A&M University
|b Rellis Campus
|c Joint Library Facility
|d Remote Storage
|t 0
|e JZ4972 .T69 2004
|h Library of Congress classification
|i unmediated -- volume
|m A14832236498
|
| 998 |
f |
f |
|a JZ4972 .T69 2004
|t 0
|l Remote Storage
|